Cartilla histórica de la ciudad de México (Record no. 7030)

MARC details
000 -CABECERA
campo de control de longitud fija 00546nam a2200205 a 4500
001 - NÚMERO DE CONTROL
campo de control BRCA_7354
005 - FECHA Y HORA DE LA ÚLTIMA TRANSACCIÓN
campo de control 20190320205815.0
008 - DATOS DE LONGITUD FIJA--INFORMACIÓN GENERAL
campo de control de longitud fija 230213s1893----mx-ae#####---#000-0#spa-#
041 ## - CÓDIGO DE LENGUA
Código de lengua del texto/banda sonora o título independiente spa
044 ## - CÓDIGO DEL PAÍS DE LA ENTIDAD EDITORA/PRODUCTORA
Código MARC del país mx
050 #4 - SIGNATURA TOPOGRÁFICA DE LA BIBLIOTECA DEL CONGRESO
Número de clasificación F1386
Número de documento/Ítem .B38 1893
100 1# - ENTRADA PRINCIPAL--NOMBRE DE PERSONA
Nombre de persona Batres, Leopoldo
9 (RLIN) 18176
245 10 - MENCIÓN DE TÍTULO
Título Cartilla histórica de la ciudad de México
Mención de responsabilidad, etc. Leopoldo Batres.
260 ## - PUBLICACIÓN, DISTRIBUCIÓN, ETC.
Lugar de publicación, distribución, etc. México
Nombre del editor, distribuidor, etc. Gallegos Hnos.
Fecha de publicación, distribución, etc. 1893
300 ## - DESCRIPCIÓN FÍSICA
Extensión viii, 38 p.
Otras características físicas il., planos
500 ## - NOTA GENERAL
Nota general Q19
651 #4 - PUNTO DE ACCESO ADICIONAL DE MATERIA--NOMBRE GEOGRÁFICO
Nombre geográfico México (Ciudad)
Subdivisión general Historia
9 (RLIN) 5378
902 ## - CATALOGADOR
Iniciales GFM
942 ## - ELEMENTOS DE PUNTO DE ACCESO ADICIONAL (KOHA)
Fuente del sistema de clasificación o colocación Library of Congress Classification
Tipo de ítem Koha Libros
Holdings
Estado de retiro Estado de pérdida Estado dañado No para préstamo Localización permanente Ubicación/localización actual Fecha de adquisición Número de inventario Total de préstamos Signatura topográfica completa Código de barras Fecha visto por última vez Precio válido a partir de Tipo de ítem Koha
El ejemplar forma parte de la colección y puede ser consultado según las políticas vigentes.       Biblioteca del Museo Franz Mayer (Rogerio Casas-Alatriste) Biblioteca del Museo Franz Mayer (Rogerio Casas-Alatriste) 23/02/2013 Q19   F1386 .B38 1893 (Q19) 7951 22/03/2019 22/03/2019 Libros